[Event "Florianopolis op 9th"]
[Site "Florianopolis"]
[Date "2023.01.24"]
[Round "2"]
[White "Machado, Wesley Henrique"]
[Black "Toigo, John Edward"]
[Result "0-1"]
[WhiteElo "1487"]
[BlackElo "1800"]
[PlyCount "69"]
[EventDate "2023.01.23"]
[EventType "swiss"]
[EventRounds "10"]
[EventCountry "BRA"]
[SourceTitle "CBM 212 Extra"]
[Source "ChessBase"]
[SourceDate "2023.03.31"]
[SourceVersion "1"]
[SourceVersionDate "2023.03.31"]
[SourceQuality "1"]

1. e4 c5 2. Nf3 d6 3. d4 cxd4 4. Nxd4 Nf6 5. f3 a6 6. c4 e5 7. Nc2 Nh5 8. Be3 Be7 9. Qd2 0-0 10. Nc3 Be6 11. Nb4 Nc6 12. Nbd5 Nf6 13. Bb6 Qd7 14. Rd1 Bxd5 15. Nxd5 Nxd5 16. Qxd5 Qe6 17. Bc7 Qh6 18. Kf2 Kh8 19. Bxd6 Rad8 20. c5 f5 21. Bxa6 fxe4 22. Qxe4 Rf4 23. Qd5 Rd4 24. Rxd4 Nxd4 25. Qxe5 Bf6 26. Qe4 bxa6 27. Rd1 Nb5 28. Be7 Rd2+ 29. Ke1 Bc3 30. Qa8+ Rd8+ 31. bxc3 Qe3+ 32. Kf1 Rxa8 33. Re1 Qxc3 34. Kf2 h6 35. g3 0-1

[Event "Sao Paulo Carnaval op"]
[Site "Sao Paulo"]
[Date "2020.02.22"]
[Round "1"]
[White "Dos Santos, Lucas Aparecido"]
[Black "Machado, Wesley Henrique"]
[Result "1-0"]
[WhiteElo "2018"]
[BlackElo "1497"]
[PlyCount "31"]
[EventDate "2020.02.22"]
[EventType "swiss"]
[EventRounds "7"]
[EventCountry "BRA"]
[SourceTitle "CBM 195 Extra"]
[Source "ChessBase"]
[SourceDate "2020.05.31"]
[SourceVersion "1"]
[SourceVersionDate "2020.05.31"]
[SourceQuality "1"]

1. e4 e5 2. Nf3 Nc6 3. Bb5 a6 4. Ba4 Bc5 5. 0-0 b5 6. Bb3 Nf6 7. Nxe5 Nxe5 8. d4 Bxd4 9. Qxd4 Nc6 10. Qd3 0-0 11. Bg5 h6 12. Bh4 Bb7 13. Nc3 Ne5 14. Qg3 d6 15. f4 Ng6 16. Qxg6 1-0

[Event "Caioba Copel op 5th"]
[Site "Caioba"]
[Date "2019.09.17"]
[Round "4"]
[White "Machado, Wesley Henrique"]
[Black "Freitas, Robson Silva"]
[Result "1/2-1/2"]
[WhiteElo "1444"]
[BlackElo "1672"]
[PlyCount "86"]
[EventDate "2019.08.15"]
[EventType "swiss"]
[EventRounds "6"]
[EventCountry "BRA"]
[SourceTitle "EXT 2020"]
[Source "ChessBase"]
[SourceDate "2019.10.17"]
[SourceVersion "1"]
[SourceVersionDate "2019.10.17"]
[SourceQuality "1"]

1. e4 c5 2. Nf3 Nc6 3. c3 g6 4. d4 cxd4 5. cxd4 Bg7 6. Nc3 d6 7. Bb5 Bd7 8. Bf4 a6 9. Bxc6 Bxc6 10. 0-0 Nf6 11. d5 Bd7 12. e5 dxe5 13. Bxe5 0-0 14. d6 exd6 15. Qxd6 Bc6 16. Qxd8 Raxd8 17. Nd4 Rc8 18. Nxc6 Rxc6 19. Rad1 Re8 20. Bd4 Rce6 21. f3 Nh5 22. Bxg7 Nxg7 23. Kf2 Rb6 24. Rd2 Rbe6 25. Rfd1 Nf5 26. Ne4 Kg7 27. Rd7 R6e7 28. Rxe7 Rxe7 29. Rd8 Rc7 30. Nc3 b5 31. Rd2 Rc5 32. Rd5 Rc6 33. Ne4 Rc2+ 34. Rd2 Nd4 35. Rxc2 Nxc2 36. Nc5 a5 37. Nb7 Nb4 38. Ke2 Nxa2 39. Nxa5 Nb4 40. Nb7 Nd5 41. g3 Kf6 42. Nd6 Nc7 43. Ne4+ Ke7 1/2-1/2

[Event "American Continental 15th"]
[Site "Sao Paulo"]
[Date "2019.07.11"]
[Round "9"]
[White "Machado, Wesley Henrique"]
[Black "Nobre, Jailson Altair Barb"]
[Result "1/2-1/2"]
[WhiteElo "1386"]
[BlackElo "1692"]
[PlyCount "114"]
[EventDate "2019.07.05"]
[EventType "swiss"]
[EventRounds "11"]
[EventCountry "BRA"]
[SourceTitle "CBM 191 Extra"]
[Source "ChessBase"]
[SourceDate "2019.09.30"]
[SourceVersion "1"]
[SourceVersionDate "2019.09.30"]
[SourceQuality "1"]

1. e4 c5 2. Nf3 e6 3. d4 cxd4 4. Nxd4 a6 5. Bd3 Nf6 6. 0-0 Qc7 7. Qe2 d6 8. c4 Be7 9. Nc3 Nbd7 10. f4 0-0 11. Kh1 b6 12. Bd2 Bb7 13. f5 e5 14. Nc2 Nc5 15. Nb4 Nxd3 16. Qxd3 Rac8 17. Nbd5 Nxd5 18. Nxd5 Bxd5 19. cxd5 Qc4 20. Qxc4 Rxc4 21. Rfe1 Rc2 22. Bc3 Bg5 23. Kg1 Rc8 24. Rad1 Rc4 25. Rd3 a5 26. Rf3 b5 27. Bxa5 Rxb2 28. Rf2 Rxf2 29. Kxf2 Ra4 30. Bc7 Rxa2+ 31. Re2 Rxe2+ 32. Kxe2 Be7 33. Kd3 g6 34. f6 Bxf6 35. Bxd6 Bd8 36. Bxe5 Kf8 37. Kc3 Ba5+ 38. Kb3 Ke7 39. Bc3 Bc7 40. h3 Kd6 41. g4 Kc5 42. Bb4+ Kd4 43. d6 Bd8 44. Ba3 Kxe4 45. Kb4 f5 46. gxf5 gxf5 47. Kxb5 Kd5 48. Bc5 f4 49. Kb4 f3 50. d7 Kc6 51. Bf2 Kxd7 52. Kc4 Ke6 53. Kd3 Kf5 54. Ke3 Bb6+ 55. Kxf3 Bxf2 56. Kxf2 Kf4 57. Kg2 h5 1/2-1/2

[Event "American Continental 15th"]
[Site "Sao Paulo"]
[Date "2019.07.10"]
[Round "8"]
[White "Itagyba, Renan Fortes"]
[Black "Machado, Wesley Henrique"]
[Result "1-0"]
[WhiteElo "1719"]
[BlackElo "1386"]
[PlyCount "101"]
[EventDate "2019.07.05"]
[EventType "swiss"]
[EventRounds "11"]
[EventCountry "BRA"]
[SourceTitle "CBM 191 Extra"]
[Source "ChessBase"]
[SourceDate "2019.09.30"]
[SourceVersion "1"]
[SourceVersionDate "2019.09.30"]
[SourceQuality "1"]

1. e4 e5 2. Nf3 Nc6 3. d4 exd4 4. Nxd4 Bc5 5. Nb3 Bb6 6. Nc3 Qf6 7. Qe2 Nd4 8. Nxd4 Bxd4 9. Nd5 Qc6 10. c3 Bb6 11. Qg4 Qg6 12. Qxg6 hxg6 13. Bf4 Nf6 14. Nxc7+ Bxc7 15. Bxc7 Nxe4 16. Bd3 d5 17. 0-0 0-0 18. Rfe1 Bf5 19. f3 Rac8 20. Ba5 Nd6 21. Rad1 Bxd3 22. Rxd3 Nc4 23. Rxd5 Rfe8 24. Rxe8+ Rxe8 25. b3 Nxa5 26. Rxa5 a6 27. Kf2 Rd8 28. Re5 f6 29. Re2 Kf7 30. c4 Rd1 31. Rb2 Rd4 32. Ke3 Rd1 33. Rd2 Rxd2 34. Kxd2 Ke6 35. Ke3 g5 36. Kd4 Kd6 37. b4 Kc6 38. a4 g6 39. a5 Kd6 40. b5 f5 41. g4 Ke6 42. bxa6 bxa6 43. c5 f4 44. h3 Kd7 45. Kd5 Kc7 46. c6 Kc8 47. Ke6 Kc7 48. Kf6 Kxc6 49. Kxg6 Kb5 50. Kxg5 Kxa5 51. h4 1-0

[Event "American Continental 15th"]
[Site "Sao Paulo"]
[Date "2019.07.09"]
[Round "6"]
[White "Okamura, Milton Kasuo"]
[Black "Machado, Wesley Henrique"]
[Result "1-0"]
[WhiteElo "1974"]
[BlackElo "1386"]
[PlyCount "101"]
[EventDate "2019.07.05"]
[EventType "swiss"]
[EventRounds "11"]
[EventCountry "BRA"]
[SourceTitle "CBM 191 Extra"]
[Source "ChessBase"]
[SourceDate "2019.09.30"]
[SourceVersion "1"]
[SourceVersionDate "2019.09.30"]
[SourceQuality "1"]

1. d4 Nf6 2. c4 e6 3. Nc3 Bb4 4. e3 Ne4 5. Qc2 Bxc3+ 6. bxc3 f5 7. Bd3 Nf6 8. Nf3 0-0 9. 0-0 b6 10. Nd2 Bb7 11. f3 d6 12. e4 f4 13. Ba3 Re8 14. e5 dxe5 15. dxe5 Nfd7 16. Bxh7+ Kh8 17. Bg6 Rg8 18. Bf7 Rf8 19. Qg6 Rxf7 20. Qxf7 Nc6 21. Qxf4 Ndxe5 22. Rad1 Qf6 23. Qxf6 gxf6 24. Rfe1 Re8 25. f4 Nd3 26. Rf1 e5 27. Ne4 Nd4 28. cxd4 Bxe4 29. dxe5 fxe5 30. fxe5 Rg8 31. Rf8 Rxf8 32. Bxf8 Kg8 33. Bh6 Nxe5 34. Re1 Ng4 35. Rxe4 Nxh6 36. Re7 c5 37. Rxa7 Nf5 38. Rb7 Nd6 39. Rxb6 Nxc4 40. Rc6 Ne5 41. Rxc5 Nd3 42. Rc7 Nb2 43. g4 Nd3 44. a4 Nb4 45. a5 Na6 46. Ra7 Nc5 47. h4 Kh8 48. h5 Ne4 49. h6 Nf6 50. Rb7 Kg8 51. Rb8+ 1-0

[Event "American Continental 15th"]
[Site "Sao Paulo"]
[Date "2019.07.07"]
[Round "3"]
[White "Machado, Wesley Henrique"]
[Black "Jenidarchiche, Douglas Rodrigo"]
[Result "0-1"]
[WhiteElo "1386"]
[BlackElo "1754"]
[PlyCount "78"]
[EventDate "2019.07.05"]
[EventType "swiss"]
[EventRounds "11"]
[EventCountry "BRA"]
[SourceTitle "CBM 191 Extra"]
[Source "ChessBase"]
[SourceDate "2019.09.30"]
[SourceVersion "1"]
[SourceVersionDate "2019.09.30"]
[SourceQuality "1"]

1. e4 c5 2. b3 Nc6 3. Bb2 e5 4. f4 d6 5. fxe5 Qh4+ 6. g3 Qxe4+ 7. Qe2 Qxh1 8. exd6+ Be6 9. Nf3 0-0-0 10. Kf2 Nf6 11. Bxf6 gxf6 12. Nc3 Bg4 13. Re1 Qxf3+ 14. Qxf3 Bxf3 15. Bh3+ Kb8 16. Kxf3 Bxd6 17. Ne4 Rhe8 18. Kf2 Be5 19. d3 Nb4 20. Re2 Bd4+ 21. Kf3 Nxa2 22. Bf5 Nc3 23. Nxc3 Bxc3 24. Re4 Rxe4 25. Bxe4 a5 26. Kg4 b5 27. Bc6 a4 28. bxa4 bxa4 29. Bxa4 Rd4+ 30. Kh5 Rxa4 31. Kh6 Kc7 32. Kxh7 Kd6 33. Kg7 Ke6 34. h4 Rg4+ 35. Kh7 Rxg3 36. h5 Ke7 37. h6 Rg6 38. d4 Bxd4 39. c4 Kf8 0-1

[Event "Cuiaba Contaud op"]
[Site "Cuiaba"]
[Date "2019.06.02"]
[Round "5"]
[White "Machado, Wesley Henrique"]
[Black "Taira, Erick Hideki"]
[Result "0-1"]
[WhiteElo "1341"]
[BlackElo "1889"]
[PlyCount "122"]
[EventDate "2019.05.31"]
[EventType "swiss"]
[EventRounds "6"]
[EventCountry "BRA"]
[SourceTitle "EXT 2020"]
[Source "ChessBase"]
[SourceDate "2019.10.17"]
[SourceVersion "1"]
[SourceVersionDate "2019.10.17"]
[SourceQuality "1"]

1. f4 d5 2. d3 Nf6 3. Nd2 g6 4. e4 Bg7 5. Ngf3 0-0 6. h3 Nh5 7. f5 Ng3 8. Rg1 dxe4 9. dxe4 gxf5 10. exf5 Bxf5 11. Nh4 Bg6 12. Qf3 Qd4 13. Nxg6 fxg6 14. Qb3+ Kh8 15. Nf3 Qe4+ 16. Qe3 Qxe3+ 17. Bxe3 Nxf1 18. Rxf1 Nc6 19. c3 Rad8 20. Ke2 e5 21. Ng5 Rxf1 22. Rxf1 Kg8 23. Ne6 Rd7 24. Nc5 Rd8 25. Bg5 Re8 26. b3 h6 27. Bh4 g5 28. Bg3 b6 29. Na6 Re7 30. Nb4 Nxb4 31. cxb4 Rd7 32. Rc1 Bf8 33. b5 Bd6 34. Rd1 Kf7 35. Kf3 Ke6 36. Kg4 e4 37. Rd4 Bxg3 38. Rxd7 Kxd7 39. Kxg3 Ke6 40. Kf2 Kd5 41. Ke3 Ke5 42. g3 Kd5 43. a3 Ke5 44. h4 g4 45. h5 Kd5 46. b4 Ke5 47. a4 Kd5 48. a5 bxa5 49. bxa5 Ke5 50. a6 Kd5 51. Kf4 Kd4 52. Kxg4 e3 53. Kf3 Kd3 54. b6 cxb6 55. g4 e2 56. g5 hxg5 57. h6 e1Q 58. Kg2 Qh4 59. h7 Qxh7 60. Kg1 Ke3 61. Kg2 Qh4 0-1

[Event "BRA-ch Amateur U1600"]
[Site "Sao Paulo"]
[Date "2018.06.03"]
[Round "7"]
[White "Machado, Wesley Henrique"]
[Black "Souza, Neurismar da Rocha"]
[Result "0-1"]
[WhiteElo "1382"]
[BlackElo "1598"]
[PlyCount "126"]
[EventDate "2018.05.31"]
[EventType "swiss"]
[EventRounds "7"]
[EventCountry "BRA"]
[SourceTitle "EXT 2021"]
[Source "ChessBase"]
[SourceDate "2020.10.23"]
[SourceVersion "1"]
[SourceVersionDate "2020.10.23"]
[SourceQuality "1"]

1. e4 e5 2. Nf3 Nc6 3. Bc4 Bc5 4. c3 Nf6 5. d3 d5 6. exd5 Nxd5 7. Qb3 Be6 8. Ng5 0-0 9. Nxe6 fxe6 10. 0-0 a6 11. a4 Na5 12. Qa2 Nxc4 13. Qxc4 Ba7 14. Qg4 Rf5 15. Bh6 Qf6 16. Qxg7+ Qxg7 17. Bxg7 Kxg7 18. Nd2 Raf8 19. Nf3 h5 20. Rae1 h4 21. h3 Kh6 22. Rxe5 Rxe5 23. Nxe5 Nf4 24. d4 Ne2+ 25. Kh2 c5 26. Ng4+ Kg5 27. Re1 Bb8+ 28. Kh1 Nf4 29. dxc5 Nd3 30. Re2 Nxc5 31. Ne5 Rf5 32. Nf3+ Kh6 33. Kg1 Rd5 34. Kf1 Rd1+ 35. Re1 Rxe1+ 36. Nxe1 Nxa4 37. Nd3 e5 38. f3 Kg5 39. Ke2 Kf5 40. Kd2 e4 41. fxe4+ Kxe4 42. b3 Nb6 43. c4 Nd7 44. Ke2 Ba7 45. b4 Ne5 46. Nxe5 Kxe5 47. Kf3 Bg1 48. g4 hxg3 49. Kxg3 Kd4 50. h4 Kxc4 51. Kf3 Kxb4 52. Ke4 Kc3 53. h5 b5 54. h6 Bd4 55. h7 b4 56. Kd5 b3 57. Kc6 b2 58. h8Q Bxh8 59. Kb6 b1Q+ 60. Kxa6 Kc4 61. Ka7 Kc5 62. Ka8 Kc6 63. Ka7 Qb7# 0-1

[Event "Maringa Parana-ch"]
[Site "Maringa"]
[Date "2018.02.02"]
[Round "5"]
[White "Machado, Wesley Henrique"]
[Black "Salvadego, Matheus Henrique De"]
[Result "0-1"]
[WhiteElo "1344"]
[BlackElo "1719"]
[PlyCount "102"]
[EventDate "2018.01.31"]
[EventType "swiss"]
[EventRounds "8"]
[EventCountry "BRA"]
[SourceTitle "CBM 182 Extra"]
[Source "ChessBase"]
[SourceDate "2018.02.23"]
[SourceVersion "1"]
[SourceVersionDate "2018.02.23"]
[SourceQuality "1"]

1. e4 e6 2. d4 d5 3. Nc3 Nf6 4. e5 Nfd7 5. f4 c5 6. Nf3 Nc6 7. Be3 a6 8. a4 Qb6 9. Rb1 cxd4 10. Nxd4 Bc5 11. Nce2 0-0 12. c3 f6 13. a5 Qa7 14. b4 Bxd4 15. Nxd4 fxe5 16. Nc2 Qb8 17. fxe5 Qxe5 18. Qd2 Nf6 19. Bd3 Ng4 20. Be2 Nxe3 21. Qxe3 Qf5 22. Bd3 Qg4 23. Qe2 Qxe2+ 24. Kxe2 e5 25. Ke3 Bf5 26. Rhf1 Bxd3 27. Kxd3 Rf6 28. Rxf6 gxf6 29. Rf1 Kf7 30. Ne3 Ke6 31. g4 Rg8 32. h3 d4 33. cxd4 Nxd4 34. Nf5 Nxf5 35. Rxf5 Rg5 36. Ke4 Rxf5 37. gxf5+ Kd6 38. h4 h5 39. Ke3 Kd5 40. Kd3 e4+ 41. Ke3 Ke5 42. Ke2 Kxf5 43. Ke3 Ke5 44. Ke2 f5 45. b5 axb5 46. a6 bxa6 47. Kf2 a5 48. Kg3 a4 49. Kg2 a3 50. Kh3 a2 51. Kg2 a1Q 0-1

[Event "Maringa Parana-ch"]
[Site "Maringa"]
[Date "2018.01.31"]
[Round "1"]
[White "Machado, Wesley Henrique"]
[Black "Martins, Carlos"]
[Result "0-1"]
[WhiteElo "1344"]
[BlackElo "2250"]
[PlyCount "104"]
[EventDate "2018.01.31"]
[EventType "swiss"]
[EventRounds "8"]
[EventCountry "BRA"]
[SourceTitle "CBM 182 Extra"]
[Source "ChessBase"]
[SourceDate "2018.02.23"]
[SourceVersion "1"]
[SourceVersionDate "2018.02.23"]
[SourceQuality "1"]

1. e4 c5 2. Nf3 e6 3. d4 cxd4 4. Nxd4 Nf6 5. Nc3 d6 6. Be3 a6 7. a4 b6 8. Qd2 Bb7 9. f3 Nbd7 10. Be2 Be7 11. 0-0 0-0 12. Rad1 Rc8 13. Rfe1 Ne5 14. Nb3 Nc4 15. Bxc4 Rxc4 16. Qd3 Rc8 17. Rd2 Qc7 18. Red1 Rfd8 19. Qe2 Nd7 20. Qf2 Bc6 21. Nd4 Ba8 22. Qg3 Ne5 23. Bh6 g6 24. Rb1 Nc4 25. Rdd1 Nxb2 26. Rxb2 Qxc3 27. Rxb6 Qc5 28. Rbb1 e5 29. Be3 exd4 30. Bxd4 Qxc2 31. Bb6 Re8 32. a5 Qa2 33. Ra1 Qe6 34. Qf2 Rc4 35. Rac1 Rec8 36. Qd2 Bb7 37. Bd4 Rxc1 38. Rxc1 Rxc1+ 39. Qxc1 Bf6 40. Bb6 Qd7 41. Kf2 d5 42. Qd2 Qc6 43. exd5 Qxd5 44. Qxd5 Bxd5 45. Ke3 Kf8 46. Bd4 Bd8 47. Bc5+ Ke8 48. Kd4 Bc6 49. Bb6 Bf6+ 50. Kc5 Kd7 51. Ba7 Be5 52. h3 Bg3 0-1

[Event "Florianopolis op 4th"]
[Site "Florianopolis"]
[Date "2018.01.24"]
[Round "9"]
[White "Machado, Wesley Henrique"]
[Black "Eger, Laura Luisa"]
[Result "0-1"]
[WhiteElo "1344"]
[BlackElo "1698"]
[PlyCount "34"]
[EventDate "2018.01.19"]
[EventType "swiss"]
[EventRounds "10"]
[EventCountry "BRA"]
[SourceTitle "EXT 2019"]
[Source "ChessBase"]
[SourceDate "2018.10.10"]
[SourceVersion "1"]
[SourceVersionDate "2018.10.10"]
[SourceQuality "1"]

1. e4 e5 2. Bc4 Bc5 3. Nf3 d6 4. c3 Nf6 5. d3 Nc6 6. Bb3 Be6 7. Nbd2 0-0 8. h3 Re8 9. Nf1 d5 10. Qe2 dxe4 11. dxe4 Bxb3 12. axb3 Nh5 13. b4 Bb6 14. N3h2 Nf4 15. Qf3 Nd3+ 16. Ke2 Nxf2 17. Rg1 Qd1# 0-1

[Event "Brazil AXPG op 1st"]
[Site "Ponta Grossa"]
[Date "2017.10.27"]
[Round "2"]
[White "Machado, Wesley Henrique"]
[Black "Cordioli, Jairo Ribeiro"]
[Result "0-1"]
[WhiteElo "1170"]
[BlackElo "1855"]
[PlyCount "26"]
[EventDate "2017.10.26"]
[EventType "swiss"]
[EventRounds "7"]
[EventCountry "BRA"]
[SourceTitle "CBM 181 Extra"]
[Source "ChessBase"]
[SourceDate "2017.12.12"]
[SourceVersion "1"]
[SourceVersionDate "2017.12.12"]
[SourceQuality "1"]

1. e4 c5 2. Nf3 e6 3. d4 cxd4 4. Nxd4 Nf6 5. f3 a6 6. c4 Nc6 7. Nc3 g6 8. Be3 Bg7 9. Qd2 0-0 10. b3 Qa5 11. Be2 Nxd4 12. Bxd4 Rd8 13. Be3 d6 0-1